| 000 | 00643nam a2200217 a 4500 | ||
|---|---|---|---|
| 001 | BRCA_388 | ||
| 005 | 20190320203003.0 | ||
| 008 | 910206s1986 mx-a---##b---f001-0#spa-# | ||
| 020 | _a9686038434 | ||
| 040 |
_aDLC _cDLC |
||
| 050 | 4 |
_aNK4225 _b.L67 1986 |
|
| 100 | 1 |
_aLópez Cervantes, Gonzalo _91307 |
|
| 245 | 1 | 0 |
_aBibliografía mínima sobre cerámica _cGonzalo López Cervantes. |
| 260 |
_aMéxico _bINAH _c1986 |
||
| 300 |
_a161 p. _bil. _c26 cm. |
||
| 440 | 0 |
_aColección Fuentes _91308 |
|
| 500 | _aIncluye índice onomástico | ||
| 650 | 1 | 4 |
_aCerámica _xBibliografía _91309 |
| 650 | 1 | 4 |
_aPorcelana _xBibliografía _91310 |
| 942 |
_2lcc _cB |
||
| 999 |
_c323 _d323 |
||